Duo suivi de le toutounier

Salvato in:
Dettagli Bibliografici
Autore principale: Colette
Natura: Libro
Lingua:Undetermined
Pubblicazione: París, Francia Hachette 1960
Soggetti:
Tags: Aggiungi Tag
Nessun Tag, puoi essere il primo ad aggiungerne!!

MARC

LEADER 00000nam a2200000Ia 4500
008 170316s9999 xx 000 0 und d
040 |a cru BVZT 
090 |a 840 C-9d 
100 |a Colette 
245 |a Duo suivi de le toutounier 
260 |a París, Francia 
260 |b Hachette 
260 |c 1960 
300 |a 179 páginas 
650 |a LITERATURA FRANCESA 
999 |c 7614  |d 7614 
942 |c 15 D  |h 840 C-9d  |2 z